| 000 | 01295nam a2200337 a 4500 | ||
|---|---|---|---|
| 001 | 000014917 | ||
| 003 | DO-SdBNP | ||
| 005 | 20171023093057.0 | ||
| 008 | 100127s2006 dr ac 000 0 spa d | ||
| 020 | _a9993499773 | ||
| 040 |
_aBPMSU _bspa _cBPMSU |
||
| 082 | 4 |
_a972.9352 _bH565m |
|
| 100 | 1 |
_aHerrera R., Rafael Darío, _d1955- |
|
| 245 | 1 | 0 |
_aMontecristi : _bentre campeches y bananos / _cRafael Darío Herrera R. ; prólogo Rafael Emilio Yunén ; edición José Chez Checo. |
| 260 |
_aSanto Domingo : _bAcademia Dominicana de la Historia _c2006. |
||
| 300 |
_a174 p. : _bil., retrs. ; _c23 cm. |
||
| 490 | 1 |
_aAcademia Dominicana de la Historia _v72 |
|
| 504 | _aIncluye referencias bibliográficas y notas al pie de las páginas. | ||
| 504 | _aBibliografía: p. 165-172. | ||
| 650 | 4 | _aDESARROLLO AGRÍCOLA | |
| 651 | 4 |
_aMONTECRISTI (REPÚBLICA DOMINICANA) _xHISTORIA LOCAL |
|
| 651 | 4 |
_aCIUDADES Y PUEBLOS _zREPÚBLICA DOMINICANA |
|
| 651 | 4 | _aMONTECRISTI (REPÚBLICA DOMINICANA) | |
| 700 | 1 |
_aChez Checo, José, _eed. |
|
| 700 | 1 |
_aYunén, Rafael Emilio, _epról. |
|
| 830 | 0 |
_aAcademia Dominicana de la Historia _v72 |
|
| 910 | _aValidado. Control de calidad BNPHU. | ||
| 942 |
_2ddc _cBK |
||
| 945 | _aInventariado / 2017 VM | ||
| 956 |
_aVMATEO _b10 _c20150803 _lBPMSU _h00151 |
||
| 999 |
_c8058 _d8058 |
||